LEADER 01502nam a2200289 i 4500 001 000000033886 003 CaOOAMICUS 005 20100519000000.0 008 100519s1988 it u000 u ita u 020 $a88-7610-254-X 040 $aSeMil$bita 100 1 $aAsiani, Andrea <1930->.$0(OLS)http://semarc/name/784 245 10$aPartecipi di una missione :$besperienze di evangelizzazione nella diocesi di Milano /$cAndrea Asiani , Gianfranco Barbieri , Maria Nigrelli Malaguti Pia ; [presentazione di Carlo Maria Martini]. 260 $aMilano :$bÀncora,$ccopyr. 1988. 300 $aIII, 122 p. ;$c19 cm. 650 4$aMilano (Arcidiocesi) - Missioni popolari.$0(OLS)http://semarc/subject/5403 650 4$aMissioni popolari.$0(OLS)http://semarc/subject/2152 650 4$aEvangelizzazione.$0(OLS)http://semarc/subject/670 700 1 $aNigrelli Malaguti, Maria Pia.$0(OLS)http://semarc/name/15401 700 1 $aBarbieri, Gianfranco,$d<1946- >.$0(OLS)http://semarc/name/4563 700 1 $aMartini, Carlo Maria,$c.$0(OLS)http://semarc/name/89159 850 $aSeMil 852 $aSeMil$W1$xVenegono$y1$m2F IV 194$j41$B41$CSeMilBibl$Z2$F41 $81 961 $aOmaggio: Pirovano don Angelo 996 $6020$a88-7610-254-X$9(OLS)http://semarc/number/1508 996 $6245$aPartecipi di una missione :$besperienze di evangelizzazione nella diocesi di Milano$9(OLS)http://semarc/title/45497 996 $6260$aMilano :$bÀncora$9(OLS)http://semarc/publisher/29763 LEADER 01781nam a2200253 i 4500 001 000000079942 003 CaOOAMICUS 005 20160615000000.0 008 160615s1758 xx u000 u fre u 013 $a52180 026 $ants. 5552 len- lel' (3) 1758 (R) 040 $aSeMil$bita 245 10$aExposition de la doctrine chrétienne, ou Instructions sur les principales vérités de la religion. Où l'on traite de la nécessité d'étudier la religion chrétienne, du symbole & d'e l'espérance :$bde la prière & de la charité, ... Conclusion de l'exposition par deux entretiens importants, avec une table générale des matières, & un catalogue des livres les plus utiles pour la connoissance de la religion. 260 $aA Cologne :$bAux dépens de la Compagnie,$c1758. 300 $axvj, 776 p. ;$c4°. 500 $aTestatina xilogr. - Cors. ; rom. - Lascito Card. C.M. Martini. 700 1 $aCoffin, Charles .$0(OLS)http://semarc/name/8314 710 0 $aCompagnie de Cologne$c.$0(OLS)http://semarc/name/14789 850 $aSeMil 852 $aSeMil$W1$xVenegono$y1$m2B V 30 FA$j45554$B45554$CSeMilBibl$Z2$F47539 $8I 941 1 $a4 961 $aLascito: Martini Card. Carlo Maria 996 $6245$aExposition de la doctrine chrétienne, ou Instructions sur les principales vérités de la religion. Où l'on traite de la nécessité d'étudier la religion chrétienne, du symbole & d'e l'espérance :$bde la prière & de la charité, ... Conclusion de l'exposition par deux entretiens importants, avec une table générale des matières, & un catalogue des livres les plus utiles pour la connoissance de la religion$9(OLS)http://semarc/title/127823 996 $6260$aA Cologne :$bAux dépens de la Compagnie$9(OLS)http://semarc/publisher/39144